000 00550nam a22002417a 4500
003 UA-OsUOA
001 33000
007 ta
008 20050228b un ||||| |||| 00| 0 ukr d
100 _aПаль Р.
090 _a002
_bП14
942 _cBK
040 _aUA-OsUOA
_brus
_cUA-OsUOA
_dUA-OsUOA
245 _aЧеловек придумал книгу
300 _a336 С.
955 _a0
041 _arus
080 _a002
260 _aМ.
_bСоветская Россия
_c1983
044 _aRU
650 7 _2UDC
999 _c319456
_d319456